Implementácia vybraných metód efektívnosti a kvality vo vybranom podniku bakalárska práca

Na minha lista:
Detalhes bibliográficos
Autor principal: Kubáňová, Lenka
Autor Corporativo: Fakulta podnikového manažmentu EU. Katedra manažmentu
Outros Autores: Záležáková, Eliška
Formato: Livro
Idioma:eslovaco
Publicado em: Bratislava 2018
Tags: Adicionar Tag
Sem tags, seja o primeiro a adicionar uma tag!

MARC

LEADER 00000nbm a2200000 4500
001 0244843
005 20180918144414.3
041 0 |a slo 
044 |a SK 
245 1 0 |a Implementácia vybraných metód efektívnosti a kvality vo vybranom podniku  |b bakalárska práca  |c Lenka Kubáňová ; školiteľ: Eliška Záležáková 
264 1 |a Bratislava  |c 2018 
300 |a 56 s. 
100 1 |a Kubáňová, Lenka 
700 1 |a Záležáková, Eliška 
710 2 |a Fakulta podnikového manažmentu EU. Katedra manažmentu